|
|
|
|
| LEADER |
00940nam a22002291 4500 |
| 001 |
c000345959 |
| 003 |
CARM |
| 005 |
00000000000000.0 |
| 008 |
851003s1970 gw 0 ger d |
| 019 |
1 |
|
|a 5477743
|z 3965597
|z 7210012
|5 LACONCORD2021
|
| 035 |
|
|
|a (OCoLC)269664
|5 LACONCORD2021
|
| 100 |
1 |
|
|a Kolinsky, Eva.
|
| 245 |
1 |
0 |
|a Engagierter Expressionismus :
|b Politik und Literatur zwischen Weltkrieg und Weimarer Republik, eine Analyse expressionistischer Zeitschriften.
|
| 260 |
|
|
|a Stuttgart :
|b Metzler,
|c 1970.
|
| 490 |
0 |
|
|a Metzler Studienausgabe
|
| 650 |
|
0 |
|a Expressionism in literature.
|
| 650 |
|
0 |
|a German literature
|y 20th century.
|
| 650 |
|
0 |
|a Politics in literature.
|
| 852 |
8 |
|
|b CARM
|h A1:AN21C0
|i B08935
|p 0420287
|f BK
|
| 082 |
0 |
4 |
|a 830.9009
|
| 999 |
f |
f |
|i 3197c2e3-dbaa-5bad-aac1-162372e15e5e
|s 085cfe34-a64f-50a5-9740-387e1eaae7d1
|
| 952 |
f |
f |
|p Can circulate
|a CAVAL
|b CAVAL
|c CAVAL
|d CARM 1 Store
|e B08935
|f A1:AN21C0
|h Other scheme
|i book
|m 0420287
|